<?xml version="1.0" encoding="UTF-8"?><?xml-stylesheet type="text/xsl" href="static/style.xsl"?><OAI-PMH xmlns="http://www.openarchives.org/OAI/2.0/" xmlns:xsi="http://www.w3.org/2001/XMLSchema-instance" xsi:schemaLocation="http://www.openarchives.org/OAI/2.0/ http://www.openarchives.org/OAI/2.0/OAI-PMH.xsd"><responseDate>2026-04-13T14:46:12Z</responseDate><request verb="GetRecord" identifier="oai:www.recercat.cat:2445/115121" metadataPrefix="marc">https://recercat.cat/oai/request</request><GetRecord><record><header><identifier>oai:recercat.cat:2445/115121</identifier><datestamp>2025-12-04T22:31:14Z</datestamp><setSpec>com_2072_1057</setSpec><setSpec>col_2072_478917</setSpec><setSpec>col_2072_478931</setSpec></header><metadata><record xmlns="http://www.loc.gov/MARC21/slim" xmlns:dcterms="http://purl.org/dc/terms/" xmlns:xsi="http://www.w3.org/2001/XMLSchema-instance" xmlns:doc="http://www.lyncode.com/xoai" xsi:schemaLocation="http://www.loc.gov/MARC21/slim http://www.loc.gov/standards/marcxml/schema/MARC21slim.xsd">
   <leader>00925njm 22002777a 4500</leader>
   <datafield ind2=" " ind1=" " tag="042">
      <subfield code="a">dc</subfield>
   </datafield>
   <datafield ind2=" " ind1=" " tag="720">
      <subfield code="a">Ferrer, Marta (Ferrer García)</subfield>
      <subfield code="e">author</subfield>
   </datafield>
   <datafield ind2=" " ind1=" " tag="720">
      <subfield code="a">Gutiérrez Maldonado, José</subfield>
      <subfield code="e">author</subfield>
   </datafield>
   <datafield ind2=" " ind1=" " tag="720">
      <subfield code="a">Riva, Giuseppe</subfield>
      <subfield code="e">author</subfield>
   </datafield>
   <datafield ind2=" " ind1=" " tag="260">
      <subfield code="c">2017-09-07T13:11:27Z</subfield>
   </datafield>
   <datafield ind2=" " ind1=" " tag="260">
      <subfield code="c">2017-09-07T13:11:27Z</subfield>
   </datafield>
   <datafield ind2=" " ind1=" " tag="260">
      <subfield code="c">2013</subfield>
   </datafield>
   <datafield ind2=" " ind1=" " tag="260">
      <subfield code="c">2017-09-07T13:11:27Z</subfield>
   </datafield>
   <datafield ind2=" " ind1=" " tag="520">
      <subfield code="a">Since the late 1990s the use of virtual reality (VR) has expanded in the field of mental disorders. During this time, several VR-based applications have been developed for the treatment of eating disorders (ED) and obesity. Both these pathologies involve disturbances related to eating behavior, weight, and body image. Although effective and well-established protocols are now available for the treatment of ED and obesity, relapses are frequent and a proportion of patients do not improve after intervention. In this context, VR has been shown to be a useful technology for enhancing traditional cognitive-oriented therapies. The main objective of this review was therefore to examine the evidence regarding the efficacy of VR-based treatments as a component of therapeutic interventions for ED and obesity. To this end, three databases (PsycInfo, Medline, and PsycArticles) were searched for the period 1986 to 2012. Only research articles and case studies were selected. Although several methodological deficiencies were detected in the reviewed studies, there is fair evidence for the effectiveness of VR-based treatments in ED and obesity. VR-based interventions usually combine exposure to VR environments with cognitive therapies. The VR component seems to be especially suitable for reducing body image disturbances, such as body image dissatisfaction, and for increasing self-esteem and self-efficacy. The rationale for the use of VR in these areas is also presented and discussed.</subfield>
   </datafield>
   <datafield tag="653" ind2=" " ind1=" ">
      <subfield code="a">Realitat virtual</subfield>
   </datafield>
   <datafield tag="653" ind2=" " ind1=" ">
      <subfield code="a">Trastorns de la conducta alimentària</subfield>
   </datafield>
   <datafield tag="653" ind2=" " ind1=" ">
      <subfield code="a">Obesitat</subfield>
   </datafield>
   <datafield tag="653" ind2=" " ind1=" ">
      <subfield code="a">Virtual reality</subfield>
   </datafield>
   <datafield tag="653" ind2=" " ind1=" ">
      <subfield code="a">Eating disorders</subfield>
   </datafield>
   <datafield tag="653" ind2=" " ind1=" ">
      <subfield code="a">Obesity</subfield>
   </datafield>
   <datafield ind2="0" ind1="0" tag="245">
      <subfield code="a">Virtual reality based treatments in eating disorders and obesity: A review</subfield>
   </datafield>
</record></metadata></record></GetRecord></OAI-PMH>